Polskie miasta na literę O - Statystyki

Ogólne statystyki
  • Ten quiz został rozwiązany 396 razy
  • Średni wynik to 3 z 5
Statystyki odpowiedzi
Województwo Miasto % Poprawnych
Opolskie Opole
98%
Warmińsko-Mazurskie Olsztyn
93%
Wielkopolskie Ostrów Wielkopolski
56%
Świętokrzyskie Ostrowiec Świętokrzyski
53%
Mazowieckie Ostrołęka
48%
Nie znaleziono quizów pasujących do podanych kryteriów
Rozkład punktacji
Procent ludzi z każdym wynikiem
Percentyl według liczby udzielonych odpowiedzi
Twoja historia wyników
Nie rozwiązałeś tego quizu